Coupes du Monde de Football: Iran - Statistiques

Statistiques générales
  • Ce quiz a été pris 48 fois
  • Le résultat moyen est 12 sur 16
Statistiques - réponses
Réponse % Correct
Angleterre
100%
Etats-Unis
98%
Espagne
96%
Portugal
93%
Argentine
91%
Maroc
91%
Pays de Galles
89%
Allemagne
84%
Mexique
82%
Pays-Bas
76%
Bosnie-Herzégovine
69%
Nigeria
67%
Pérou
58%
RF Yougoslavie
58%
Ecosse
56%
Angola
40%
Aucun quiz correspondant
Distribution des résultats
% des personnes avec chaque résultat
Percentile par nombre de réponses
Votre historique - résultats
Vous n’avez pas pris ce quiz